Introduction to positive economics (Record no. 5640)

000 -LEADER
fixed length control field 00453nam a22001817a 4500
001 - CONTROL NUMBER
control field 5640
003 - CONTROL NUMBER IDENTIFIER
control field BD-DhUET
008 - FIXED-LENGTH DATA ELEMENTS--GENERAL INFORMATION
fixed length control field 141127b xxu||||| |||| 00| 0 eng d
040 ## - CATALOGING SOURCE
Transcribing agency 0
Modifying agency BD-DhUET
082 ## - DEWEY DECIMAL CLASSIFICATION NUMBER
Classification number 330
Item number LIP/1971
100 ## - MAIN ENTRY--PERSONAL NAME
Personal name Lipsey, Richard G.
245 ## - TITLE STATEMENT
Title Introduction to positive economics
250 ## - EDITION STATEMENT
Edition statement 3rd ed.
260 ## - PUBLICATION, DISTRIBUTION, ETC. (IMPRINT)
Name of publisher, distributor, etc. English Language Book
Place of publication, distribution, etc. Hampshire
Date of publication, distribution, etc. 1971
300 ## - PHYSICAL DESCRIPTION
Extent xx, 740 p.
Other physical details ill.
Dimensions 26 cm.
650 #0 - SUBJECT ADDED ENTRY--TOPICAL TERM
Topical term or geographic name as entry element Economics
942 ## - ADDED ENTRY ELEMENTS (KOHA)
Koha item type General Book
Holdings
Not for loan Koha normalized classification for sorting Price effective from Shelving location Koha collection Piece designation (barcode) Koha item type Koha full call number Location (home branch) Withdrawn status Lost status Copy number Source of classification or shelving scheme Date acquired Sublocation or collection (holding branch) Damaged status Koha date last seen
 330LIP19712014-11-27Circulation section 23693General Book330/LIP/1971Central Library, BUET  1 2014-11-27Central Library, BUET 2014-11-27
 330LIP19712014-11-27Circulation section 23702General Book330/LIP/1971Central Library, BUET  2 2014-11-27Central Library, BUET 2014-11-27
 330_000000000000000_LIP_19712015-01-27Circulation section 23689General Book330/LIP/1971Central Library, BUET  3 2015-01-27Central Library, BUET 2015-01-27
 330_000000000000000_LIP_19712015-01-27Circulation section 23684General Book330/LIP/1971Central Library, BUET  4 2015-01-27Central Library, BUET 2015-01-27
 330_000000000000000_LIP_19712015-01-27Circulation section 23710General Book330/LIP/1971Central Library, BUET  5 2015-01-27Central Library, BUET 2015-01-27
 330_000000000000000_LIP_19712015-01-27Circulation section 23713General Book330/LIP/1971Central Library, BUET  6 2015-01-27Central Library, BUET 2015-01-27
 330_000000000000000_LIP_19712015-01-27Cataloging section 23690General Book330/LIP/1971Central Library, BUET  7 2015-01-27Central Library, BUET 2015-01-27
 330_000000000000000_LIP_19712015-01-27Circulation section 23698General Book330/LIP/1971Central Library, BUET  8 2015-01-27Central Library, BUET 2015-01-27
 330_000000000000000_LIP_19712015-01-27Circulation section 23685General Book330/LIP/1971Central Library, BUET  9 2015-01-27Central Library, BUET 2015-01-27
 330_000000000000000_LIP_19712015-01-27Circulation section 23712General Book330/LIP/1971Central Library, BUET  10 2015-01-27Central Library, BUET 2015-01-27
 330_000000000000000_LIP_19712015-01-28Circulation sectionNon Fiction23677General Book330/LIP/1971Central Library, BUET  4 2015-01-28Central Library, BUET 2015-01-28
 330_000000000000000_LIP_19712015-01-28Circulation sectionNon Fiction23706General Book330/LIP/1971Central Library, BUET  30 2015-01-28Central Library, BUET 2015-01-28
 330_000000000000000_LIP_19712015-01-28Circulation sectionNon Fiction23705General Book330/LIP/1971Central Library, BUET  29 2015-01-28Central Library, BUET 2015-01-28
 330_000000000000000_LIP_19712015-01-28Circulation sectionNon Fiction23680General Book330/LIP/1971Central Library, BUET  16 2015-01-28Central Library, BUET 2015-01-28
 330_000000000000000_LIP_19712015-04-20Circulation section 23691General Book330/LIP/1971Central Library, BUET  15 2015-04-20Central Library, BUET 2015-04-20